000 01503cam a2200313 c 4500
001 22282918
003 OSt
005 20250120223358.0
008 211003s2021 ck b 000 e spa d
020 _a9789585404601
040 _aCO-UDECOLOMBIA
_beng
_cCO-UDECOLOMBIA
_dCO-UDECOLOMBIA
082 0 4 _a864.865
_bR788
100 1 _aRosales Altamar, Vanessa
_d1984-
245 1 0 _aMujer incómoda :
_bensayos híbridos /
_cVanessa Rosales Altamar.
250 _aPrimera edición.
264 1 _aBogotá, D.C., Colombia :
_bLumen,
_c2021.
300 _a421 p. ;
_c23 cm.
336 _atext
_btxt
_2rdacontent
337 _aunmediated
_bn
_2rdamedia
338 _avolume
_bnc
_2rdacarrier
386 _aColombians (Colombia)
_2lcdgt
504 _aIncluye referencias bibliográficas.
505 0 0 _aApuntes de una escisión -- El incómodo rey de la contrariedad -- Embrujada, preocupada, perpleja -- Esposas -- Lo femenino como espectáculo -- Ellos, un mundo, un yo -- Memoria de espumas y alcatraces -- Sobre ser bella y estar viva -- Amor es un algo sin nombre -- Retrato personal del catolicismo -- La gran renuncia femenina -- Escenas de un mundo a la moda -- Mujeres incómodas
650 1 4 _aMujeres
_xSituación social
650 0 4 _aLiteratura colombiana
_9269
650 0 4 _aEnsayos colombianos
_92299
758 _ihas work:
_aMUJER INCOMODA (Text)
_1https://id.oclc.org/worldcat/entity/E39PD3bPXGM83k6tfyvMBj8m7d
_4https://id.oclc.org/worldcat/ontology/hasWork
942 _2ddc
_cBK
_h864.865 R788
_n0
999 _c1947
_d1947